Fundamentals of the theory of operator algebras

Αποθηκεύτηκε σε:
Λεπτομέρειες βιβλιογραφικής εγγραφής
Κύριος συγγραφέας: Kadison, Richard V. 1925-
Άλλοι συγγραφείς: Ringrose, John R.
Μορφή: Βιβλίο
Γλώσσα:English
Δημοσίευση: Providence, RI : American Mathematical Society, c1991-1992
Θέματα:
Ετικέτες: Προσθήκη ετικέτας
Δεν υπάρχουν, Καταχωρήστε ετικέτα πρώτοι!

MARC

LEADER 00000nam a2200000 i 4500
001 1/58455
008 071012m19911992 eng d
020 |a 0-8218-0990-3 (τ.3) 
020 |a 0-8218-0991-1 (τ.4) 
035 |l 10091492 
040 |a GR-MY-UA  |b gre  |e aacr 
041 0 |a eng 
082 0 |a 512.55  |2 (22) 
100 1 |a Kadison, Richard V.  |d 1925- 
245 1 0 |a Fundamentals of the theory of operator algebras /  |c Richard V. Kadison, John R. Ringrose 
260 |a Providence, RI :   |b American Mathematical Society,   |c c1991-1992 
300 |a xiv,859 σ.;  |c 23 εκ. 
504 |a Περιλαμβάνει βιβλιογραφικές αναφορές και ευρετήριο 
505 0 |a Τ.3: Elementary theory - an exercise approach.-- Τ.4: Advanced theory - An exercise approach. 
650 0 0 |a Operator algebras. 
700 1 |a Ringrose, John R. 
740 0 2 |a Elementary theory - an exercise approach 
740 0 2 |a Advanced theory - An exercise approach 
852 |a INST  |b CHIOS  |e 20071204  |h 512.55 KAD  |p 005200028220  |q 005200028220  |t BK  |y 0  |z τ.4 
852 |a INST  |b CHIOS  |e 20071012  |h 512.55 KAD  |p 005200028793  |q 005200028793  |t BK  |y 620  |z τ.3 
852 |a INST  |b CHIOS  |e 20071204  |h 512.55 KAD  |p 005200028220  |q 005200028220  |t BK  |v τ.4:  |y 0  |z τ.4 
852 |a INST  |b CHIOS  |e 20071012  |h 512.55 KAD  |p 005200028793  |q 005200028793  |t BK  |v τ.3:  |y 620  |z τ.3 
853 |a INST  |b CHIOS  |h 512.55 KAD 
901 |a BIBL2-2007-3 
909 |a Χ  |b 139643 
909 |a Χ  |b 140679 
922 |a 2ΕΛΗ  |b 200709  |c ΕΠΕΑΕΚ2/ΤΜΟΔ  |d ΠΑΠΑΣΩΤΗΡΙΟΥ 
922 |a 2ΕΛΗ  |b 200711  |c ΕΠΕΑΕΚ2/ΤΜΟΔ  |d ΕΛΕΥΘΕΡΟΥΔΑΚΗΣ 
970 |a ΒΑΣΙΛΑΚΗ  |b ΝΙΚΗ  |z 2007/12/04